000 00812nam a2200253Ia 4500
003 OSt
005 20220923230405.0
006 a|||||r|||| 00| 0
007 ta
008 220922b |||||||| |||| 00| 0 hin d
024 _a280,202
037 _cTextual
040 _aARTS
_cARTS
_bhin
041 _2hin
_ahin
082 _aV2.G, 152E9
100 _aद्विवेदी, महावीर प्रसाद
245 0 _aप्राचीन चिन्ह
246 _aPrāchīn chinha
260 _aप्रयाग
_b इंडियन प्रेस
_c1929
300 _a118पृ.
_ccm.
650 _aविश्व-इतिहास
942 _hV2.G, 152E9
_cTEXL
_2CC
999 _c384481
_d384481